| 000 | 00801nam a2200229 a 4500 | ||
|---|---|---|---|
| 001 | 000022006 | ||
| 005 | 20240517200444.0 | ||
| 008 | 100915s1968 xxu r 000 0 spa d | ||
| 040 |
_aDO-SdBNP _bspa _cBNPHU |
||
| 082 |
_a291.17 _bW582c, 1968 |
||
| 100 | 1 |
_aWhite, Elena G. de, _d1827-1915 _945615 |
|
| 245 | 1 | 3 |
_aEl conflicto de los siglos durante la era cristiana / _cElena G. de White. |
| 250 | _a6a. ed. | ||
| 260 |
_aCalifornia (Estados Unidos) : _bPublicaciones interamericanas; _bPacific Press Publishing Association, _c1968. |
||
| 300 |
_a784 p. ; _c17 cm. |
||
| 500 | _aIncluye referencias bíblicas p. [751-757]. | ||
| 500 | _aIncluye índice alfabético | ||
| 650 | 4 |
_aTeología bíblica _945616 |
|
| 650 | 0 |
_aTeología _92174 |
|
| 650 | 4 |
_aTeología y filosofía _92874 |
|
| 049 | _aBNGR | ||
| 999 |
_c21504 _d21504 |
||